[Event "Friendship Match AZE-TUR"]
[Site "Mustafa Kemal Atatürk"]
[Date "2020.08.08"]
[Round "1"]
[White "Eceozbaay"]
[Black "Xanim"]
[Result "0-1"]
[WhiteElo "1620"]
[BlackElo "1620"]
[Annotator "NA"]
[PlyCount "80"]
[EventDate "2020.08.08"]
[EventType "team-tourn (rapid)"]

1. e4 {[%emt 0:00:05]} e5 {[%emt 0:00:07]} 2. Nf3 {[%emt 0:00:02]} Nc6 {[%emt 0:00:02]} 3. Bb5 {[%emt 0:00:02]} a6 {[%emt 0:00:02]} 4. Ba4 {[%emt 0:00:02]} Nf6 {[%emt 0:00:01]} 5. O-O {[%emt 0:00:03]} Be7 {[%emt 0:00:01]} 6. Re1 {[%emt 0:00:17]} b5 {[%emt 0:00:02]} 7. Bb3 {[%emt 0:00:02]} d6 {[%emt 0:00:02]} 8. c3 {[%emt 0:00:02]} O-O {[%emt 0:00:03]} 9. h3 {[%emt 0:00:01]} Bb7 {[%emt 0:00:03]} 10. d4 {[%emt 0:00:09]} Nd7 {[%emt 0:00:12]} 11. Nbd2 {[%emt 0:00:26]} exd4 {[%emt 0:00:03]} 12. cxd4 {[%emt 0:00:01]} Bf6 {[%emt 0:00:01]} 13. Nf1 {[%emt 0:00:16]} Na5 {[%emt 0:00:03]} 14. Bc2 {[%emt 0:00:25]} Re8 {[%emt 0:00:03]} 15. g4 {[%emt 0:01:12]} c5 {[%emt 0:00:24]} 16. Ng3 {[%emt 0:03:58]} g6 {[%emt 0:03:34]} 17. Bf4 {[%emt 0:01:08]} cxd4 {[%emt 0:00:38]} 18. Nxd4 {[%emt 0:02:10]} Rc8 {[%emt 0:02:37]} 19. Rc1 {[%emt 0:00:39]} Qb6 {[%emt 0:00:51]} 20. Be3 {[%emt 0:03:22]} Nc4 {[%emt 0:00:05]} 21. b3 {[%emt 0:00:07]} Nxe3 {[%emt 0:00:08]} 22. fxe3 {[%emt 0:00:01]} Rc7 {[%emt 0:01:17]} 23. Kg2 {[%emt 0:01:57]} Be5 {[%emt 0:00:51]} 24. Rf1 {[%emt 0:00:24]} Rec8 {[%emt 0:00:31]} 25. Qd2 {[%emt 0:00:06]} Nf6 {[%emt 0:00:09]} 26. Qf2 {[%emt 0:00:06]} Qa7 {[%emt 0:01:02]} 27. g5 {[%emt 0:00:05]} Bxg3 {[%emt 0:00:20]} 28. Qxf6 {[%emt 0:00:04]} Be5 {[%emt 0:00:01]} 29. Qf2 {[%emt 0:00:04]} Bxd4 {[%emt 0:00:05]} 30. exd4 {[%emt 0:00:01]} Bxe4+ {[%emt 0:00:23]} 31. Bxe4 {[%emt 0:00:02]} Rxc1 {[%emt 0:00:01]} 32. Rxc1 {[%emt 0:00:01]} Rxc1 {[%emt 0:00:01]} 33. Qe3 {[%emt 0:00:04]} Rc8 {[%emt 0:00:07]} 34. Bd5 {[%emt 0:00:07]} Qd7 {[%emt 0:00:12]} 35. Bf3 {[%emt 0:00:05]} Re8 {[%emt 0:00:05]} 36. Qc3 {[%emt 0:00:07]} Qf5 {[%emt 0:00:10]} 37. Qd2 {[%emt 0:00:10]} Rc8 {[%emt 0:00:04]} 38. Bd1 {[%emt 0:00:08]} b4 {[%emt 0:00:15]} 39. Kg3 {[%emt 0:00:06]} Rc3+ {[%emt 0:00:01]} 40. Kg2 {[%emt 0:00:05]} Qxh3+ {[%emt 0:00:02] Eceozbaay Terk (Lag: Av=0.41s, max=1.6s)} 0-1

[Event "Friendship Match AZE-TUR"]
[Site "Mustafa Kemal Atatürk"]
[Date "2020.08.08"]
[Round "1"]
[White "Mammadzada"]
[Black "EkaterinaAtalik"]
[Result "0-1"]
[WhiteElo "1620"]
[BlackElo "1620"]
[Annotator "NA"]
[PlyCount "136"]
[EventDate "2020.08.08"]
[EventType "team-tourn (rapid)"]

1. e4 {[%emt 0:00:07]} e5 {[%emt 0:00:02]} 2. Nf3 {[%emt 0:00:06]} Nc6 {[%emt 0:00:03]} 3. Bb5 {[%emt 0:00:04]} a6 {[%emt 0:00:04]} 4. Ba4 {[%emt 0:00:01]} Nf6 {[%emt 0:00:02]} 5. O-O {[%emt 0:00:04]} Be7 {[%emt 0:00:03]} 6. Re1 {[%emt 0:00:05]} b5 {[%emt 0:00:02]} 7. Bb3 {[%emt 0:00:03]} d6 {[%emt 0:00:02]} 8. c3 {[%emt 0:00:02]} O-O {[%emt 0:00:03]} 9. d4 {[%emt 0:00:02]} Bg4 {[%emt 0:00:10]} 10. Be3 {[%emt 0:00:03]} exd4 {[%emt 0:00:14]} 11. cxd4 {[%emt 0:00:02]} Na5 {[%emt 0:00:06]} 12. Bc2 {[%emt 0:00:02]} Nc4 {[%emt 0:00:26]} 13. Bc1 {[%emt 0:00:05]} c5 {[%emt 0:00:09]} 14. b3 {[%emt 0:00:10]} Nb6 {[%emt 0:00:05]} 15. Nbd2 {[%emt 0:00:08]} cxd4 {[%emt 0:00:39]} 16. Bb2 {[%emt 0:00:30]} Rc8 {[%emt 0:00:25]} 17. Qb1 {[%emt 0:01:21]} g6 {[%emt 0:03:35]} 18. Nxd4 {[%emt 0:01:12]} Bd7 {[%emt 0:00:29]} 19. Nf1 {[%emt 0:02:51]} Re8 {[%emt 0:00:24]} 20. Ne3 {[%emt 0:01:26]} Bf8 {[%emt 0:00:08]} 21. a4 {[%emt 0:01:46]} bxa4 {[%emt 0:00:29]} 22. bxa4 {[%emt 0:00:05]} Bg7 {[%emt 0:00:35]} 23. a5 {[%emt 0:00:36]} Nc4 {[%emt 0:00:29]} 24. Nxc4 {[%emt 0:00:04]} Rxc4 {[%emt 0:00:02]} 25. Qa2 {[%emt 0:01:40]} Rc5 {[%emt 0:00:37]} 26. Bb3 {[%emt 0:00:12]} Rxe4 {[%emt 0:01:12]} 27. Bxf7+ {[%emt 0:01:36]} Kh8 {[%emt 0:00:03]} 28. Ne6 {[%emt 0:01:51]} Bxe6 {[%emt 0:00:15]} 29. Bxe6 {[%emt 0:00:00]} Qxa5 {[%emt 0:01:44] '} 30. Qxa5 {[%emt 0:00:56]} Rxa5 {[%emt 0:00:03]} 31. Rac1 {[%emt 0:00:15]} Rxe1+ {[%emt 0:00:40]} 32. Rxe1 {[%emt 0:00:00]} Nh5 {[%emt 0:00:05]} 33. Bc1 {[%emt 0:00:17]} Re5 {[%emt 0:00:02]} 34. Kf1 {[%emt 0:00:06]} Rxe1+ {[%emt 0:00:15]} 35. Kxe1 {[%emt 0:00:00]} Be5 {[%emt 0:00:02]} 36. g3 {[%emt 0:00:09]} Ng7 {[%emt 0:00:04]} 37. Bb3 {[%emt 0:00:08]} Nf5 {[%emt 0:00:05]} 38. Kd1 {[%emt 0:00:05]} Bd4 {[%emt 0:00:04]} 39. f3 {[%emt 0:00:02]} Kg7 {[%emt 0:00:08]} 40. Ke2 {[%emt 0:00:02]} Bc5 {[%emt 0:00:09]} 41. Bc4 {[%emt 0:00:02]} a5 {[%emt 0:00:02]} 42. Bb2+ {[%emt 0:00:03]} Bd4 {[%emt 0:00:07]} 43. Ba3 {[%emt 0:00:02]} Bc5 {[%emt 0:00:07]} 44. Bb2+ {[%emt 0:00:01]} Kf8 {[%emt 0:00:01]} 45. g4 {[%emt 0:00:18]} Ne7 {[%emt 0:00:03]} 46. Bb5 {[%emt 0:00:06]} Nd5 {[%emt 0:00:04]} 47. Kd3 {[%emt 0:00:02]} Ke7 {[%emt 0:00:05]} 48. Bc1 {[%emt 0:00:05]} Nb6 {[%emt 0:00:08]} 49. Bd2 {[%emt 0:00:08]} a4 {[%emt 0:00:04]} 50. Ba5 {[%emt 0:00:01]} a3 {[%emt 0:00:02]} 51. Kc2 {[%emt 0:00:06]} Nd5 {[%emt 0:00:03]} 52. Kb3 {[%emt 0:00:04]} Nf4 {[%emt 0:00:14]} 53. Bc3 {[%emt 0:00:06]} Ne6 {[%emt 0:00:03]} 54. Bc4 {[%emt 0:00:08]} Nf4 {[%emt 0:00:30]} 55. Bd2 {[%emt 0:00:03]} d5 {[%emt 0:00:47]} 56. Bxf4 {[%emt 0:00:09]} dxc4+ {[%emt 0:00:01]} 57. Kxc4 {[%emt 0:00:00]} a2 {[%emt 0:00:05]} 58. Be5 {[%emt 0:00:04]} Bd6 {[%emt 0:00:03]} 59. Bb2 {[%emt 0:00:09]} Ke6 {[%emt 0:00:01]} 60. Kb3 {[%emt 0:00:02]} Be5 {[%emt 0:00:01]} 61. Kxa2 {[%emt 0:00:06]} Bxb2 {[%emt 0:00:02]} 62. Kxb2 {[%emt 0:00:00]} Ke5 {[%emt 0:00:01]} 63. Kc2 {[%emt 0:00:08]} Kf4 {[%emt 0:00:01]} 64. Kd3 {[%emt 0:00:01]} Kxf3 {[%emt 0:00:01]} 65. h3 {[%emt 0:00:00]} Kg3 {[%emt 0:00:04]} 66. Ke4 {[%emt 0:00:02]} Kxh3 {[%emt 0:00:04]} 67. Kf4 {[%emt 0:00:20]} Kh4 {[%emt 0:00:02]} 68. Kf3 {[%emt 0:00:09]} g5 {[%emt 0:00:02] Mammadzada resigns (Lag: Av=0.39s, max=0.7s)} 0-1

[Event "Friendship Match AZE-TUR"]
[Site "Mustafa Kemal Atatürk"]
[Date "2020.08.08"]
[Round "1"]
[White "Silacglr04"]
[Black "Gul91"]
[Result "0-1"]
[WhiteElo "1620"]
[BlackElo "1620"]
[Annotator "NA"]
[PlyCount "112"]
[EventDate "2020.08.08"]
[EventType "team-tourn (rapid)"]
[TimeControl "900+5"]

1. e4 {[%emt 0:00:05]} e6 {[%emt 0:00:03]} 2. d4 {[%emt 0:00:07]} d5 {[%emt 0:00:03]} 3. Nd2 {[%emt 0:00:01]} a6 {[%emt 0:00:02]} 4. Ngf3 {[%emt 0:00:02]} c5 {[%emt 0:00:04]} 5. exd5 {[%emt 0:00:03]} exd5 {[%emt 0:00:02]} 6. dxc5 {[%emt 0:00:02]} Bxc5 {[%emt 0:00:05]} 7. Nb3 {[%emt 0:00:03]} Bb6 {[%emt 0:00:03]} 8. Bd3 {[%emt 0:00:02]} Qe7+ {[%emt 0:00:03]} 9. Qe2 {[%emt 0:00:02]} Bg4 {[%emt 0:00:02]} 10. O-O {[%emt 0:00:17]} Qxe2 {[%emt 0:00:10]} 11. Bxe2 {[%emt 0:00:02]} Nf6 {[%emt 0:00:14]} 12. h3 {[%emt 0:00:34]} Bh5 {[%emt 0:01:38]} 13. Bg5 {[%emt 0:03:08]} Ne4 {[%emt 0:00:46]} 14. Bf4 {[%emt 0:00:14]} Nc6 {[%emt 0:00:28]} 15. c4 {[%emt 0:03:05]} dxc4 {[%emt 0:02:02]} 16. Bxc4 {[%emt 0:00:04]} O-O {[%emt 0:00:16]} 17. Rae1 {[%emt 0:01:09]} Rfe8 {[%emt 0:01:19]} 18. g4 {[%emt 0:03:46]} Bg6 {[%emt 0:00:05]} 19. Nh4 {[%emt 0:00:28]} Nxf2 {[%emt 0:02:06]} 20. Rxe8+ {[%emt 0:00:52]} Rxe8 {[%emt 0:00:03]} 21. Nxg6 {[%emt 0:01:20]} hxg6 {[%emt 0:00:20]} 22. Bxf7+ {[%emt 0:01:02]} Kxf7 {[%emt 0:00:04]} 23. Bg3 {[%emt 0:00:02]} Re2 {[%emt 0:01:29]} 24. Bxf2 {[%emt 0:00:01]} Rxf2 {[%emt 0:01:08]} 25. Rxf2+ {[%emt 0:00:00]} Ke6 {[%emt 0:00:01]} 26. Kf1 {[%emt 0:00:07]} Bxf2 {[%emt 0:00:02]} 27. Kxf2 {[%emt 0:00:00]} Kd5 {[%emt 0:00:13]} 28. Ke3 {[%emt 0:00:07]} g5 {[%emt 0:00:05]} 29. Nd2 {[%emt 0:00:17]} Nd4 {[%emt 0:00:38]} 30. Ne4 {[%emt 0:00:20]} Ne6 {[%emt 0:00:02]} 31. Nc3+ {[%emt 0:00:02]} Ke5 {[%emt 0:00:03]} 32. Ne4 {[%emt 0:00:03]} a5 {[%emt 0:00:09]} 33. Nf2 {[%emt 0:00:18]} Nf4 {[%emt 0:00:13]} 34. Kf3 {[%emt 0:00:02]} b5 {[%emt 0:00:14]} 35. Kg3 {[%emt 0:00:07]} b4 {[%emt 0:00:26]} 36. Kf3 {[%emt 0:00:01]} a4 {[%emt 0:00:09]} 37. Ke3 {[%emt 0:00:03]} Kd5 {[%emt 0:01:21]} 38. h4 {[%emt 0:00:03]} Ng2+ {[%emt 0:00:04]} 39. Kf3 {[%emt 0:00:03]} Nxh4+ {[%emt 0:00:05]} 40. Ke3 {[%emt 0:00:01]} Ng2+ {[%emt 0:00:03]} 41. Kf3 {[%emt 0:00:04]} Nf4 {[%emt 0:00:10]} 42. Ke3 {[%emt 0:00:05]} Ke5 {[%emt 0:00:23]} 43. Ne4 {[%emt 0:00:14]} Ne6 {[%emt 0:00:10]} 44. Nf2 {[%emt 0:00:08]} Nc5 {[%emt 0:00:06]} 45. Nh3 {[%emt 0:00:04]} Ne4 {[%emt 0:00:04]} 46. Ng1 {[%emt 0:00:03]} Kd5 {[%emt 0:00:02]} 47. Nf3 {[%emt 0:00:01]} a3 {[%emt 0:00:04]} 48. bxa3 {[%emt 0:00:08]} bxa3 {[%emt 0:00:00]} 49. Ne1 {[%emt 0:00:10]} Nf6 {[%emt 0:00:18]} 50. Nc2 {[%emt 0:00:02]} Nxg4+ {[%emt 0:00:01]} 51. Ke2 {[%emt 0:00:03]} Ne5 {[%emt 0:00:08]} 52. Nxa3 {[%emt 0:00:01] Silacglr04 beraberlik teklif ediyor} Ke4 {[%emt 0:00:09]} 53. Nb5 {[%emt 0:00:04]} g4 {[%emt 0:00:06]} 54. Nc3+ {[%emt 0:00:09]} Kd4 {[%emt 0:00:06]} 55. Nd1 {[%emt 0:00:10]} g3 {[%emt 0:00:16]} 56. Ne3 {[%emt 0:00:07]} Ke4 {[%emt 0:00:05] Zaman (Lag: Av=0.63s, max=2.1s)} 0-1

[Event "Friendship Match AZE-TUR"]
[Site "Mustafa Kemal Atatürk"]
[Date "2020.08.08"]
[Round "1"]
[White "VugarAsadli"]
[Black "Gokerkan"]
[Result "1-0"]
[WhiteElo "1620"]
[BlackElo "1620"]
[Annotator "NA"]
[PlyCount "49"]
[EventDate "2020.08.08"]
[EventType "team-tourn (rapid)"]

1. e4 {[%emt 0:00:01]} c5 {[%emt 0:00:01]} 2. Nc3 {[%emt 0:00:02]} d6 {[%emt 0:00:01]} 3. g3 {[%emt 0:00:13]} Nc6 {[%emt 0:00:43]} 4. Bg2 {[%emt 0:00:02]} g6 {[%emt 0:00:01]} 5. d3 {[%emt 0:00:01]} Bg7 {[%emt 0:00:01]} 6. Be3 {[%emt 0:00:01]} e5 {[%emt 0:00:21]} 7. Nh3 {[%emt 0:00:06]} Nge7 {[%emt 0:00:56]} 8. O-O {[%emt 0:00:41] VugarAsadli reconnected. VugarAsadli reconnected.} h5 {[%emt 0:03:34] VugarAsadli reconnected.} 9. f4 {[%emt 0:00:55]} Bg4 {[%emt 0:00:57]} 10. Qd2 {[%emt 0:00:56] VugarAsadli reconnected.} h4 {[%emt 0:00:50]} 11. Nf2 {[%emt 0:00:32]} Be6 {[%emt 0:00:11]} 12. g4 {[%emt 0:01:27]} exf4 {[%emt 0:00:09]} 13. Bxf4 {[%emt 0:00:02]} Qd7 {[%emt 0:01:49] VugarAsadli reconnected.} 14. h3 {[%emt 0:01:46] VugarAsadli reconnected.} O-O-O {[%emt 0:01:49] VugarAsadli reconnected.} 15. Rae1 {[%emt 0:00:18] VugarAsadli reconnected.} Ne5 {[%emt 0:02:24]} 16. Nd5 {[%emt 0:00:46]} Bxd5 {[%emt 0:00:26]} 17. exd5 {[%emt 0:00:03]} f5 {[%emt 0:00:30]} 18. g5 {[%emt 0:00:17]} Rhe8 {[%emt 0:00:25]} 19. c3 {[%emt 0:00:15] VugarAsadli reconnected.} Kb8 {[%emt 0:00:09]} 20. b3 {[%emt 0:00:32] VugarAsadli reconnected.} Nf7 {[%emt 0:00:35]} 21. Re6 {[%emt 0:00:28]} Nxd5 {[%emt 0:00:08]} 22. Rxe8 {[%emt 0:00:06]} Nxf4 {[%emt 0:00:13]} 23. Rxd8+ {[%emt 0:00:04]} Qxd8 {[%emt 0:00:06]} 24. Qxf4 {[%emt 0:00:01]} Bxc3 {[%emt 0:00:01]} 25. Qc4 {[%emt 0:00:08] VugarAsadli reconnected. Gokerkan resigns (Lag: Av=0.64s, max=0.9s)} 1-0

[Event "Friendship Match AZE-TUR"]
[Site "Mustafa Kemal Atatürk"]
[Date "2020.08.08"]
[Round "1"]
[White "Shak"]
[Black "Dust Tornado"]
[Result "1/2-1/2"]
[WhiteElo "1615"]
[BlackElo "2100"]
[PlyCount "37"]
[EventDate "2020.08.08"]
[EventType "team-tourn (rapid)"]

1. d4 {[%emt 0:00:15]} d5 {[%emt 0:00:03]} 2. c4 {[%emt 0:00:04]} c6 {[%emt 0:00:02]} 3. Nc3 {[%emt 0:00:06]} Nf6 {[%emt 0:00:03]} 4. e3 {[%emt 0:00:02]} e6 {[%emt 0:00:08]} 5. Nf3 {[%emt 0:00:02]} Nbd7 {[%emt 0:00:06]} 6. Qc2 {[%emt 0:00:01]} Bd6 {[%emt 0:00:04]} 7. g4 {[%emt 0:00:01]} Nxg4 {[%emt 0:00:06]} 8. Rg1 {[%emt 0:00:04]} Qf6 {[%emt 0:00:03]} 9. Rxg4 {[%emt 0:00:22]} Qxf3 {[%emt 0:00:02]} 10. Rxg7 {[%emt 0:00:01]} Nf6 {[%emt 0:00:05]} 11. h3 {[%emt 0:02:23] Dust Tornado reconnected.} Bd7 {[%emt 0:02:32]} 12. Bd2 {[%emt 0:03:47]} O-O-O {[%emt 0:01:17]} 13. Rxf7 {[%emt 0:04:36]} Rhf8 {[%emt 0:01:15]} 14. Rxf8 {[%emt 0:00:25]} Rxf8 {[%emt 0:00:03]} 15. Qd1 {[%emt 0:01:04]} Qh1 {[%emt 0:01:55]} 16. Qa4 {[%emt 0:01:05]} Qf3 {[%emt 0:00:23]} 17. Qd1 {[%emt 0:00:03]} Qh1 {[%emt 0:00:03]} 18. Qa4 {[%emt 0:00:02]} Qf3 {[%emt 0:00:02] Shak offers a draw} 19. Qd1 {[%emt 0:00:31] (Lag: Av=5.27s, max=83.4s)} 1/2-1/2

[Event "Friendship Match AZE-TUR"]
[Site "Mustafa Kemal Atatürk"]
[Date "2020.08.08"]
[Round "2"]
[White "Dust Tornado"]
[Black "Shak"]
[Result "1/2-1/2"]
[WhiteElo "2079"]
[BlackElo "1642"]
[PlyCount "41"]
[EventDate "2020.08.08"]
[EventType "team-tourn (rapid)"]

1. e4 {[%emt 0:00:03]} e5 {[%emt 0:00:11]} 2. Nf3 {[%emt 0:00:03]} Nc6 {[%emt 0:00:01]} 3. Nc3 {[%emt 0:00:16]} Nf6 {[%emt 0:00:04]} 4. d4 {[%emt 0:00:08]} exd4 {[%emt 0:00:10]} 5. Nxd4 {[%emt 0:00:02]} Nxe4 {[%emt 0:00:10]} 6. Nxe4 {[%emt 0:00:40]} Qe7 {[%emt 0:00:07]} 7. f3 {[%emt 0:00:46]} d5 {[%emt 0:00:07]} 8. Bb5 {[%emt 0:00:16]} Bd7 {[%emt 0:00:02]} 9. Bxc6 {[%emt 0:00:44]} bxc6 {[%emt 0:00:20]} 10. O-O {[%emt 0:00:52]} dxe4 {[%emt 0:00:01]} 11. Re1 {[%emt 0:00:13]} O-O-O {[%emt 0:00:01]} 12. Rxe4 {[%emt 0:01:29]} Qf6 {[%emt 0:00:58]} 13. Qe2 {[%emt 0:00:28]} c5 {[%emt 0:00:06]} 14. Bg5 {[%emt 0:01:52]} Qxg5 {[%emt 0:01:18]} 15. Qa6+ {[%emt 0:00:04]} Kb8 {[%emt 0:00:01]} 16. Nb5 {[%emt 0:00:06]} Bxb5 {[%emt 0:00:01]} 17. Qxb5+ {[%emt 0:00:01]} Kc8 {[%emt 0:00:47]} 18. Qa6+ {[%emt 0:00:07]} Kb8 {[%emt 0:00:01]} 19. Qb5+ {[%emt 0:00:22]} Kc8 {[%emt 0:00:03]} 20. Qa6+ {[%emt 0:00:02]} Kb8 {[%emt 0:00:01] Dust Tornado offers a draw} 21. Qb5+ {[%emt 0:00:04] (Lag: Av=0.52s, max=0.8s)} 1/2-1/2

[Event "Friendship Match AZE-TUR"]
[Site "Mustafa Kemal Atatürk"]
[Date "2020.08.08"]
[Round "2"]
[White "EkaterinaAtalik"]
[Black "Mammadzada"]
[Result "0-1"]
[WhiteElo "1620"]
[BlackElo "1620"]
[Annotator "NA"]
[PlyCount "98"]
[EventDate "2020.08.08"]
[EventType "team-tourn (rapid)"]

1. Nf3 {[%emt 0:00:02]} d5 {[%emt 0:00:03]} 2. e3 {[%emt 0:00:02]} Nf6 {[%emt 0:00:05]} 3. c4 {[%emt 0:00:02]} c6 {[%emt 0:00:02]} 4. Nc3 {[%emt 0:00:05]} a6 {[%emt 0:00:03]} 5. b3 {[%emt 0:00:07]} Bg4 {[%emt 0:00:17]} 6. h3 {[%emt 0:00:11]} Bh5 {[%emt 0:00:31]} 7. Be2 {[%emt 0:00:05]} e6 {[%emt 0:00:07]} 8. O-O {[%emt 0:00:03]} Bd6 {[%emt 0:00:07]} 9. Bb2 {[%emt 0:00:07]} O-O {[%emt 0:00:07]} 10. d4 {[%emt 0:00:17]} Nbd7 {[%emt 0:00:12]} 11. Ne5 {[%emt 0:00:35]} Bxe2 {[%emt 0:01:01]} 12. Nxe2 {[%emt 0:00:04]} a5 {[%emt 0:00:12]} 13. Nf4 {[%emt 0:01:26]} a4 {[%emt 0:00:58]} 14. Nfd3 {[%emt 0:00:56]} Ne4 {[%emt 0:02:15]} 15. Nxd7 {[%emt 0:00:31]} Qxd7 {[%emt 0:00:03]} 16. Qc2 {[%emt 0:00:42]} Bc7 {[%emt 0:02:30]} 17. c5 {[%emt 0:00:37]} Bb8 {[%emt 0:01:42]} 18. f3 {[%emt 0:00:23]} Ng3 {[%emt 0:00:37]} 19. Rfe1 {[%emt 0:00:13]} axb3 {[%emt 0:00:34]} 20. axb3 {[%emt 0:00:03]} Rxa1 {[%emt 0:00:00]} 21. Bxa1 {[%emt 0:00:08]} Nf5 {[%emt 0:00:05]} 22. Bc3 {[%emt 0:01:00]} Qc7 {[%emt 0:00:16]} 23. f4 {[%emt 0:00:04]} g5 {[%emt 0:01:13]} 24. Qe2 {[%emt 0:00:35]} Kh8 {[%emt 0:00:44]} 25. Qh5 {[%emt 0:00:19]} Rg8 {[%emt 0:00:41]} 26. Ne5 {[%emt 0:00:12]} f6 {[%emt 0:00:07]} 27. Nd3 {[%emt 0:00:56]} gxf4 {[%emt 0:00:42]} 28. exf4 {[%emt 0:00:13]} Qg7 {[%emt 0:00:08]} 29. Qe2 {[%emt 0:01:38]} Qg3 {[%emt 0:00:50]} 30. Rf1 {[%emt 0:01:22] .} Qxh3 {[%emt 0:00:05]} 31. Rf3 {[%emt 0:00:39]} Ng3 {[%emt 0:00:37]} 32. Rxg3 {[%emt 0:00:04]} Rxg3 {[%emt 0:00:12]} 33. Ne1 {[%emt 0:00:23]} Bxf4 {[%emt 0:00:19]} 34. Bd2 {[%emt 0:00:10]} Qh2+ {[%emt 0:00:23]} 35. Kf2 {[%emt 0:00:25]} Rg7 {[%emt 0:00:03]} 36. Bxf4 {[%emt 0:00:07]} Qxf4+ {[%emt 0:00:01]} 37. Nf3 {[%emt 0:00:00]} Qe4 {[%emt 0:00:03]} 38. Qxe4 {[%emt 0:00:04]} dxe4 {[%emt 0:00:01]} 39. Nd2 {[%emt 0:00:00]} f5 {[%emt 0:00:03]} 40. Nc4 {[%emt 0:00:01]} h5 {[%emt 0:00:04]} 41. Ne5 {[%emt 0:00:05]} h4 {[%emt 0:00:03]} 42. b4 {[%emt 0:00:04]} Rg3 {[%emt 0:00:03]} 43. Nf7+ {[%emt 0:00:04]} Kg7 {[%emt 0:00:03]} 44. Nd6 {[%emt 0:00:01]} e3+ {[%emt 0:00:09]} 45. Kf1 {[%emt 0:00:01]} h3 {[%emt 0:00:08]} 46. gxh3 {[%emt 0:00:05]} f4 {[%emt 0:00:03]} 47. d5 {[%emt 0:00:10]} cxd5 {[%emt 0:00:21]} 48. b5 {[%emt 0:00:06]} f3 {[%emt 0:00:02]} 49. c6 {[%emt 0:00:05]} Rxh3 {[%emt 0:00:02] EkaterinaAtalik resigns} 0-1

[Event "Friendship Match AZE-TUR"]
[Site "Mustafa Kemal Atatürk"]
[Date "2020.08.08"]
[Round "2"]
[White "Gokerkan"]
[Black "VugarAsadli"]
[Result "1/2-1/2"]
[WhiteElo "1620"]
[BlackElo "1620"]
[Annotator "NA"]
[PlyCount "51"]
[EventDate "2020.08.08"]
[EventType "team-tourn (rapid)"]

1. e4 {[%emt 0:00:01]} e6 {[%emt 0:00:02]} 2. d4 {[%emt 0:00:25]} d5 {[%emt 0:00:07]} 3. Nc3 {[%emt 0:00:05]} dxe4 {[%emt 0:00:02]} 4. Nxe4 {[%emt 0:00:01]} Nd7 {[%emt 0:00:02]} 5. Nf3 {[%emt 0:00:04]} Ngf6 {[%emt 0:00:02]} 6. Nxf6+ {[%emt 0:00:01]} Nxf6 {[%emt 0:00:02]} 7. c3 {[%emt 0:00:01]} c5 {[%emt 0:00:15]} 8. Be3 {[%emt 0:00:21] VugarAsadli reconnected.} cxd4 {[%emt 0:00:43]} 9. Bxd4 {[%emt 0:00:00]} Be7 {[%emt 0:00:21]} 10. Bd3 {[%emt 0:00:44]} O-O {[%emt 0:00:05]} 11. O-O {[%emt 0:00:02] VugarAsadli reconnected.} b6 {[%emt 0:00:08] VugarAsadli reconnected.} 12. Qe2 {[%emt 0:00:46]} Bb7 {[%emt 0:00:02]} 13. Rad1 {[%emt 0:00:03]} Qc7 {[%emt 0:00:45] VugarAsadli reconnected. VugarAsadli reconnected. VugarAsadli reconnected. VugarAsadli reconnected. VugarAsadli reconnected.} 14. Be5 {[%emt 0:05:06]} Qc5 {[%emt 0:00:15] VugarAsadli reconnected.} 15. Rfe1 {[%emt 0:01:01]} Rad8 {[%emt 0:00:27] VugarAsadli reconnected.} 16. Bd4 {[%emt 0:02:34] VugarAsadli reconnected.} Qc7 {[%emt 0:00:17] VugarAsadli reconnected. VugarAsadli reconnected. VugarAsadli reconnected. VugarAsadli reconnected.} 17. Bb1 {[%emt 0:02:08] VugarAsadli reconnected. VugarAsadli reconnected.} Bc5 {[%emt 0:00:39] VugarAsadli reconnected.} 18. Bxf6 {[%emt 0:00:30]} gxf6 {[%emt 0:00:02]} 19. Be4 {[%emt 0:00:02]} Rxd1 {[%emt 0:00:28]} 20. Rxd1 {[%emt 0:00:02]} Bxe4 {[%emt 0:00:05]} 21. Qxe4 {[%emt 0:00:00]} Rd8 {[%emt 0:00:01] VugarAsadli reconnected.} 22. Qe2 {[%emt 0:01:05]} Rxd1+ {[%emt 0:00:15]} 23. Qxd1 {[%emt 0:00:00]} f5 {[%emt 0:00:08]} 24. Qd3 {[%emt 0:00:21] VugarAsadli reconnected.} Qf4 {[%emt 0:00:26] VugarAsadli offers a draw VugarAsadli reconnected. VugarAsadli reconnected.} 25. b4 {[%emt 0:00:53]} Be7 {[%emt 0:00:15]} 26. g3 {[%emt 0:00:16] Gokerkan offers a draw (Lag: Av=15.15s, max=125.9s)} 1/2-1/2

[Event "Friendship Match AZE-TUR"]
[Site "Mustafa Kemal Atatürk"]
[Date "2020.08.08"]
[Round "2"]
[White "Gul91"]
[Black "Silacglr04"]
[Result "1/2-1/2"]
[WhiteElo "1620"]
[BlackElo "1620"]
[Annotator "NA"]
[PlyCount "57"]
[EventDate "2020.08.08"]
[EventType "team-tourn (rapid)"]
[TimeControl "900+5"]

1. e4 {[%emt 0:00:02]} c5 {[%emt 0:00:03]} 2. Nf3 {[%emt 0:00:03]} e6 {[%emt 0:00:01]} 3. b3 {[%emt 0:00:06]} b6 {[%emt 0:00:01]} 4. d4 {[%emt 0:00:42]} cxd4 {[%emt 0:01:00]} 5. Nxd4 {[%emt 0:00:03]} Bb7 {[%emt 0:00:03]} 6. Bd3 {[%emt 0:00:07]} Bc5 {[%emt 0:01:26]} 7. c3 {[%emt 0:00:33]} Nf6 {[%emt 0:00:15]} 8. Qe2 {[%emt 0:00:25]} O-O {[%emt 0:02:11]} 9. O-O {[%emt 0:01:44]} e5 {[%emt 0:01:47]} 10. Nf5 {[%emt 0:00:31]} d5 {[%emt 0:00:25]} 11. Nd2 {[%emt 0:02:01]} Re8 {[%emt 0:01:42]} 12. c4 {[%emt 0:01:02]} dxc4 {[%emt 0:03:23]} 13. Nxc4 {[%emt 0:00:44]} Nc6 {[%emt 0:00:17]} 14. Bg5 {[%emt 0:01:15]} Nd4 {[%emt 0:01:13]} 15. Nxd4 {[%emt 0:00:06]} exd4 {[%emt 0:00:00]} 16. Qf3 {[%emt 0:01:48]} Be7 {[%emt 0:00:44]} 17. Bxf6 {[%emt 0:00:51]} Bxf6 {[%emt 0:00:03]} 18. Rfe1 {[%emt 0:00:12]} Rc8 {[%emt 0:01:11]} 19. a4 {[%emt 0:02:00]} a6 {[%emt 0:00:41]} 20. Qh3 {[%emt 0:00:04]} g6 {[%emt 0:00:12]} 21. e5 {[%emt 0:00:07]} Be7 {[%emt 0:00:02]} 22. e6 {[%emt 0:00:04]} f6 {[%emt 0:00:03]} 23. Bxg6 {[%emt 0:01:19]} hxg6 {[%emt 0:00:00]} 24. Qh6 {[%emt 0:00:01]} Rc5 {[%emt 0:00:01]} 25. Qxg6+ {[%emt 0:00:03]} Kh8 {[%emt 0:00:02]} 26. Qh6+ {[%emt 0:00:30]} Kg8 {[%emt 0:00:01]} 27. Qg6+ {[%emt 0:00:31]} Kh8 {[%emt 0:00:01]} 28. Qh6+ {[%emt 0:00:02]} Kg8 {[%emt 0:00:01]} 29. Qg6+ {[%emt 0:00:00] (Lag: Av=0.39s, max=0.6s)} 1/2-1/2